000 00515nam a22002057a 4500
001 00028646
005 20260325101028.0
008 260325b ag ||||| |||| 00| 0 spa d
020 _a9789870413479
040 _bspa
_cAR-CcCEOS
080 _a929
090 _bFRE
100 1 _aFreire, Susana
_9968
245 _aJulio Bocca :
_bBoccatango /
_cSusana Freire
250 _a1ª ed.
260 _aBuenos Aires :
_bAguilar,
_c2009.
300 _a34 p. ;
_c18x15 cm.
650 0 _abiografía
942 _2udc
_cBK
999 _c28679
_d28679
945 _a66467
_bMelina Rolando
_c66467
_dMelina Rolando